Cases in managerial accounting: fundamentals (Record no. 78075)

MARC details
000 -LEADER
fixed length control field 00809nam a2200181 a 4500
008 - FIXED-LENGTH DATA ELEMENTS--GENERAL INFORMATION
fixed length control field 120416s1990 ||||||||||||||||| || u
020 ## - INTERNATIONAL STANDARD BOOK NUMBER
International Standard Book Number 0471795178
050 ## - LIBRARY OF CONGRESS CALL NUMBER
Classification number HF 5657.4 Cas
100 ## - MAIN ENTRY--PERSONAL NAME
Personal name Gardner, Eldon J
245 10 - TITLE STATEMENT
Title Cases in managerial accounting: fundamentals
Statement of responsibility, etc. edited by Eldon J. Gardner
260 ## - PUBLICATION, DISTRIBUTION, ETC.
Place of publication, distribution, etc. Toronto
Name of publisher, distributor, etc. John Wiley and Sons
Date of publication, distribution, etc. 1990
300 ## - PHYSICAL DESCRIPTION
Extent v, 166p. : ill.
350 ## -
-- 0.00
650 #0 - SUBJECT ADDED ENTRY--TOPICAL TERM
Topical term or geographic name entry element ACCOUNTING--HANDBOOKS, MANUALS, ETC
650 #0 - SUBJECT ADDED ENTRY--TOPICAL TERM
Topical term or geographic name entry element MANAGERIAL ACCOUNTING
995 ## -
-- ANNEX COLLECTION (Main Library)
-- 0.00
-- 723527
-- CBU-MAIN LIBRARY (Kitwe)
-- 2
-- 18.00
-- HF 5657.4 Cas
-- 1
-- AVAILABLE
-- 007024
-- Annex Low-Usage Collection
995 ## -
-- ANNEX COLLECTION (Main Library)
-- 0.00
-- 723526
-- CBU-MAIN LIBRARY (Kitwe)
-- 1
-- 18.00
-- HF 5657.4 Cas
-- 2
-- AVAILABLE
-- 007025
-- Annex Low-Usage Collection
999 ## -
-- 78075
-- 78075
Holdings
Withdrawn status Lost status Source of classification or shelving scheme Damaged status Not for loan Permanent Location Current Location Shelving location Date acquired Total Checkouts Full call number Barcode Date last seen Copy number Price effective from Koha item type
          CBU-MAIN LIBRARY, KITWE. CBU-MAIN LIBRARY, KITWE.   05/03/2023   HF 5657.4 Cas 007024 05/03/2023 1 05/03/2023 MONOGRAPH
          CBU-MAIN LIBRARY, KITWE. CBU-MAIN LIBRARY, KITWE.   05/03/2023   HF 5657.4 Cas 007025 05/03/2023 2 05/03/2023 MONOGRAPH